Džachangirov, Ali Dadaš-ogly i kol.: Teoretičeskije osnovy mežchoziajstvennoj kooperacii i agropromyšlennoj integracii /Teoretické základy medzipodnikovej kooperácie a agropriemyselnej integrácie./

Bibliographic Details
Main Authors: Gonda, Vladimír, 1953- (Author), Džachangirov, Ali Dadaš-ogly i kol (Author)
Format: Article
Language:Slovak
Subjects:

MARC

LEADER 00000nab a2200000 a 4500
001 vtls000271970
003 SK-MaSNL
005 20260304075043.0
008 250423c1986 xo 0 slo
015 |a SNBRB19rr/mm-uuuuu 
035 |a CL0282084 
035 |a urn:nbn:sk:snk-ab6qpq 
035 |a (uuid)20d9a222-df9b-4a0b-8de3-08cb000da7cd 
035 |a (urnnbn)urn:nbn:sk:snk:ar-a0590y 
035 |a (sysno)vtls000271970 
040 |a SNKBUCL  |b slo  |c SNKBUCL  |e AACR2 
041 0 |a slo 
044 |a xo  |c SK 
080 |a 338.436(47)  |2 1981 
100 1 |a Gonda, Vladimír,  |d 1953-  |4 aut  |9 207195 
245 1 0 |a Džachangirov, Ali Dadaš-ogly i kol.: Teoretičeskije osnovy mežchoziajstvennoj kooperacii i agropromyšlennoj integracii  |b /Teoretické základy medzipodnikovej kooperácie a agropriemyselnej integrácie./  |c Vladimír Gonda ; Dadaš-ogly Ali Džachangirov 
650 0 7 |a poľnohospodárstvo  |2 snkbucl  |9 679 
650 0 7 |a poľnohospodárska výroba  |2 snkbucl  |9 973 
650 0 7 |a kooperácia medzipodniková  |2 snkbucl  |9 1347881 
650 0 7 |a integrácia agropriemyselná  |2 snkbucl  |9 1358229 
655 7 |a články z novín a časopisov  |2 snkbucl  |9 267496 
700 1 |a Džachangirov, Ali Dadaš-ogly i kol.  |4 aut  |9 1365141 
773 0 |t Ekonomický časopis  |g Roč. 34, č. 9 (1986), s. 861-863 
787 0 8 |i Rec.:  |a Džachangirov, Ali Dadaš-ogly i kol.  |t Teoretičeskije osnovy mežchoziajstvennoj kooperacii i agropromyšlennoj integracii  |d Moskva : Kolos, 1983 
850 |a Slovenská národná knižnica 
852 |a Slovenská národná knižnica 
954 |a odborná, vedecká literatúra pôvodná (slovenská)  |2 lita 
958 |a article27 
958 |a RK 
958 |a SU 
958 |a OND 
958 |a EUIPO 
992 |a RBX 
999 |c 2779331  |d 2781261